000 01202nam a2200325 a 4500
001 000111596
003 CHAP
005 20220329144221.0
008 150618s2015 mx a fsm |||||||spa d
010 _a108057
011 _a109029
040 _cCHAP
090 _aTesis
100 1 _aJuárez Lucas, Plácido
_9129483
245 1 3 _aLa organización social de los usuarios en el pequeño riego y alternativas para el desarrollo agrícola en Ixtacamaxtitlán, Estado de Puebla
_h[En línea]
_cpor Plácido Juárez Lucas.
260 _aChapingo, Méx. :
_bEl autor,
_c2015.
500 _aPara ver el contenido del material haga clic en la liga
502 _aTesis (M. C. en Sociología Rural) -- UACH. Departamento de Sociología Rural
590 _aE11695DGD
_b10
_c20150619
_lUCH01
_h0830
590 _aE6096MTM
_b05
_c20150618
_lUCH01
_h1333
590 _aE6096MTM
_b05
_c20150618
_lUCH01
_h1338
650 1 4 _aAgua para irrigación
_92430
650 1 4 _aDesarrollo agrícola.
_9125465
650 1 4 _aOrganización.
_983533
650 1 4 _aSistemas de riego.
_9106772
856 _aFinding aid
_uhttp://10.13.5.2/tesis/sist111596.pdf
_zTeclea aquí
901 _aBK
942 _cTESIS
942 _n0
999 _c108057
_d108057